000 00316nam a2200121Ia 4500
008 220204s9999 xx 000 0 und d
082 _a632.95:543
_bSRE
100 _aSREE RAMULU, U S
245 0 _aMethods of pesticide analysis.
260 _aDelhi
_bOxford & IBH
_c1979
650 _aPesticide analysis
942 _cBK
999 _c35333
_d35333